| 000 | 01652nam0a22003131 4500 | ||
|---|---|---|---|
| 001 | rc\4012057 | ||
| 005 | 20250611054925.0 | ||
| 021 |
_aRU _b[55-43824] |
||
| 035 | _a(NLR Aleph) 008080388 | ||
| 090 |
_a9119763 _c9119763 |
||
| 100 | _a20130415d1955 |||y0rusy50 ca | ||
| 101 | 0 | _arus | |
| 102 | _aRU | ||
| 105 | _aa z ||||| | ||
| 200 | 1 |
_aЭлектрифицированные и пневматические инструменты в строительстве _fПод общ. ред. инж. Н.А. Смирнова _gВсесоюз. о-во по распространению полит. и науч. знаний. Ленингр. дом науч.-техн. пропаганды |
|
| 210 |
_aЛенинград _cБ. и. _d1955 |
||
| 215 |
_a36 с. _cил. _d22 |
||
| 225 | 1 |
_aБиблиотечка новатора-строителя _vВып. 15 |
|
| 300 | _aПеред загл. авт.: А.Н. Кармишенский, канд. техн. наук | ||
| 606 |
_aСтроительные инструменты и приспособления, пневматические _2psbo |
||
| 606 |
_aСтроительные инструменты и приспособления, электрические _2psbo |
||
| 700 | 1 |
_aКармишенский _bА.Н. _gАлександр Николаевич |
|
| 702 | 1 |
_4340 _7ca _8rus _aСмирнов _bН. А. _cд-р техн. наук, строительство _f1897-1976 _gНиколай Александрович _9271120 _3RU\NLR\AUTH\770271176 |
|
| 801 | 0 |
_aRU _bNLR _gpsbo |
|
| 801 | 1 |
_aRU _bELAR _2rusmarc |
|
| 852 |
_aNLR _jТ80 Г-6/1882 |
||
| 942 | _cBOOK | ||
| 980 | _aNB | ||